Atlas de las razas humanas
Shranjeno v:
| Glavni avtor: | |
|---|---|
| Drugi avtorji: | |
| Format: | Knjiga |
| Jezik: | španščina |
| Izdano: |
Barcelona
Ediciones Jover S. A
1976
|
| Izdaja: | 10a. ed |
| Teme: | |
| Oznake: |
Označite
Brez oznak, prvi označite!
|
MARC
| LEADER | 00000cam a2200000 a 4500 | ||
|---|---|---|---|
| 001 | UCE8606 | ||
| 003 | CL-VaPUC | ||
| 008 | 150820e19760000sp |||||||||||||||||spa|d | ||
| 020 | |a 8470931415 | ||
| 082 | 0 | 4 | |a 305.8 |b THO |2 21 |
| 100 | 0 | |a Thomas-Doménech, J. M |e author |9 581320 | |
| 700 | |a Padilla Bolívar, Antonio |e autor |9 581321 | ||
| 245 | 1 | 0 | |a Atlas de las razas humanas |
| 250 | |a 10a. ed | ||
| 300 | |a pág. irreg | ||
| 942 | |c BK | ||
| 945 | |d 20150820 22:36:00 |a dcastane | ||
| 260 | |a Barcelona |b Ediciones Jover S. A |c 1976 | ||
| 650 | 0 | |a Razas |9 326658 | |
| 650 | 7 | |a GRUPOS ETNICOS |2 CL-VaPUC |9 324200 | |
| 650 | 0 | |a Taxonomía racial |9 370154 | |
| 650 | 0 | |a Antropología física |9 308323 | |
| 583 | |a last modification |c 20150820 22:36:00 |k Rodrigo Vera | ||
| 999 | |c 360404 |d 360402 | ||
| 952 | |0 0 |1 0 |3 erb |4 0 |6 305_800000000000000_THO_1976 |7 0 |8 X |9 470198 |a FDOBUD |b FDOBUD |e Rojas Zúñiga, Herman, -2014 |i 5169755 |o 305.8 THO 1976 |p 5169755 |r 2019-11-23 |w 2019-11-23 |y BK_X |z Catalogado en:20150820 |k BUD | ||